<?xml version="1.0" encoding="UTF-8"?>
<collection xmlns="http://www.loc.gov/MARC21/slim">
  <record>
    <leader>00000nam  2200000   4500</leader>
    <controlfield tag="001">INLIS000000000019974</controlfield>
    <controlfield tag="005">20250507113654</controlfield>
    <datafield tag="035" ind1="#" ind2="#">
      <subfield code="a">0010-0525000057</subfield>
    </datafield>
    <controlfield tag="007">ta</controlfield>
    <controlfield tag="008">250507################|##########|#|##</controlfield>
    <datafield tag="084" ind1="#" ind2="#">
      <subfield code="a">R 0056 PKN II 2024</subfield>
    </datafield>
    <datafield tag="100" ind1=" " ind2="#">
      <subfield code="a">Nur Hidayati</subfield>
    </datafield>
    <datafield tag="245" ind1="1" ind2="#">
      <subfield code="a">Strategi Peningkatan Kesadaran Masyarakat  Dalam Memilih Produk  Ber SNI Berbasis EDUGAMES /</subfield>
      <subfield code="c">Nur Hidayati</subfield>
    </datafield>
    <datafield tag="250" ind1="#" ind2="#">
      <subfield code="a">1</subfield>
    </datafield>
    <datafield tag="260" ind1="#" ind2="#">
      <subfield code="a">Jakarta :</subfield>
      <subfield code="b">Pusbangkom Pimnas,</subfield>
      <subfield code="c">2024</subfield>
    </datafield>
    <datafield tag="300" ind1="#" ind2="#">
      <subfield code="a">30 :</subfield>
      <subfield code="b">ilus ;</subfield>
      <subfield code="c">29 x 21 x 0,5</subfield>
    </datafield>
    <datafield tag="650" ind1="#" ind2="4">
      <subfield code="a">Konsumen, Layanan</subfield>
    </datafield>
    <datafield tag="520" ind1="#" ind2="#">
      <subfield code="a">Proyek perubahan berjudul&#13;
&#13;
“STRATEGI PENINGKATAN KES-&#13;
ADARAN MASYARAKAT DALAM&#13;
&#13;
MEMILIH PRODUK BER-SNI BER-&#13;
BASIS EDUGAMES” merupakan&#13;
&#13;
langkah inovatif dan strategis da-&#13;
lam upaya peningkatan kesadaran&#13;
&#13;
masyarakat dalam memilih produk&#13;
&#13;
ber-SNI dan meningkatkan keper-&#13;
cayaan masyarakat akan produk&#13;
&#13;
berSNI. Undang-Undang No 20&#13;
Tahun 2014 memberikan amanah&#13;
&#13;
kepada pemerintah untuk mening-&#13;
katkan peran serta masyarakat&#13;
&#13;
dalam kegiatan standardisasi un-&#13;
tuk terwujudnya budaya standar.&#13;
&#13;
Merujuk pada Undang-Undang ini,&#13;
&#13;
pemerintah berkewajiban member-&#13;
ikan edukasi SNI kepada konsumen&#13;
&#13;
untuk meningkatkan kepercayaan&#13;
konsumen akan produk ber-SNI.&#13;
Proyek perubahan ini menjadi salah&#13;
&#13;
satu strategi dalam upaya member-&#13;
ikan alternatif solusi dalam melaku-&#13;
kan edukasi SNI kepada kelompok&#13;
&#13;
masyarakat dan juga anak-anak di&#13;
&#13;
lingkungan sekolah dengan meng-&#13;
gunakan game-based learning.&#13;
&#13;
Proyek perubahan ini dalam pelak-&#13;
sanaannya berkolaborasi dengan&#13;
&#13;
kementerian/lembaga terkait, pe-&#13;
merintah daerah, dan yayasan pen-&#13;
didikan dan lembaga konsumen.&#13;
&#13;
Langkah strategis yang dilakukan&#13;
adalah dengan membuat pedoman&#13;
edukasi SNI kepada masyarakat&#13;
&#13;
dan melakukan edukasi SNI beker-&#13;
jasama dengan Kementerian Dalam&#13;
&#13;
Negeri untuk menyasar target Pem-&#13;
berdayaan Kesejahteraan Keluar-&#13;
ga (PKK), BKKBN untuk menyasar&#13;
&#13;
penyuluh KB dan komunitas perem-</subfield>
    </datafield>
    <datafield tag="856" ind1="#" ind2="#">
      <subfield code="a">Perpustakaan Pusat LAN</subfield>
    </datafield>
    <datafield tag="990" ind1="#" ind2="#">
      <subfield code="a">2024/1.2,2/A/0056</subfield>
    </datafield>
  </record>
</collection>
